00309nam a2200121Ia 4500008004100000100001500041245003400056260003000090300000900120650003400129942000700163999001700170190216s9999||||xx |||||||||||||| ||und|| aIbn Batuta 0aKeralam Arunooru Kollam Munpu bNational Book Stallc1966 a187p aKerala History-Kerala History cBK c18692d18692